01195 a2200181 45000010006000000050017000060080041000230030015000640400040000790800051001192450079001702640080002493000025003295050613003540410008009671000022009757000016009975456720260407155819.0260407a1968 arg spa dAR-UNSa-BCEJYS aAR-UNSa-BCEJYSbspacAR-UNSa-BCEJYS a323.28xPersecución política. Terrorismo 10aJusticia políticapempleo del procedimiento legal para fines políticos 1aMéxico :bUnión Tipográfica Editorial Hispano-Americana (UTEHA)c1968 axiii, 501 p.c23 cm. aI. Introducción - Primera parte: Justicia política: Casos,causas,métodos - II. Mutaciones en la estructura de la protección del Estado - III. El juicio político - IV. Represión legal de organizaciones políticas - Segunda parte: El juez,el acusado y el Estado - V. Condiciones de la acción judicial - VI. El reo,su defensor y el tribunal - VII. "Centralismo democrático" e integración política del poder judicial - VIII. Juicio por mandato del régimen sucesor - Tercera parte: Justicia política modificada: Asilo y clemencia - IX. Asilo - X. Cualidad de la misericordia - XI. Resumen aspa1 aKirchheimer, Otto1 aQuijano, R.